Adult Health Nursing: (Record no. 1798)

MARC details
000 -LEADER
Fixed length control field 00649nam a2200217Ia 4500
003 - CONTROL NUMBER IDENTIFIER
Control field IIN
005 - DATE AND TIME OF LATEST TRANSACTION
Control field 20250506110707.0
008 - FIXED-LENGTH DATA ELEMENTS--GENERAL INFORMATION
Fixed length control field 250506s2025 xx adc 001 0 eng d |||||||| |||| 00| 0 eng d
020 ## - INTERNATIONAL STANDARD BOOK NUMBER / ISBN
Price Rs.995.00
International Standard Book Number 9789356968240
040 ## - CATALOGING SOURCE
Original cataloging agency IIN
Language of cataloging Eng
082 ## - DEWEY DECIMAL CLASSIFICATION NUMBER
Classification number 610.72699
Book Number KUM
100 1# - MAIN ENTRY--PERSONAL NAME
Personal name Kumari, M.J.
245 #2 - TITLE STATEMENT
Title Adult Health Nursing:
Sub title Medical Surgical Nursing-II (Semester-IV) /
Statement of responsibility M.J. Kumari
250 ## - EDITION STATEMENT
Edition statement 2nd ed.
260 ## - IMPRINT
Place of publication Jaypee
Name of publisher New Delhi
Date of publication 2025
300 ## - PHYSICAL DESCRIPTION
Page / Vol. No xxiii,524p./ vol.2
Other physical details col. ill.
500 ## - GENERAL NOTE
General note Includes Index
650 1# - SUBJECT ADDED ENTRY--TOPICAL TERM
Topical term Medical Surgical
Form subdivision Nursing
650 1# - SUBJECT ADDED ENTRY--TOPICAL TERM
Topical term Adult Health Nursing
942 ## - ADDED ENTRY ELEMENTS (KOHA)
Koha item type Books
Holdings
Withdrawn status Lost status Source of classification Damaged status Not for loan Collection code Home library Current library Shelving location Date acquired Price Total Checkouts Call number Accession number Date last seen Copy number Price effective from Koha item type
    Dewey Decimal Classification     Purches Book IDEAL INSTITUTE OF NURSING IDEAL INSTITUTE OF NURSING General Stacks 11/03/2025 995.00   610.72699 KUM 1992 06/05/2025 v.2/ c-4 06/05/2025 Books
© Ideal Institute Of Nursing, All rights reserved.         Powered by Koha